Capitais mais próximas de Islamabad - Statistics

Estatísticas Gerais
  • Esse quiz foi jogado 19 vezes
  • A pontuação média é 11 de 20
Estatísticas das Respostas
km capital % Correto
689 Nova Deli
100%
370 Cabul
82%
1990 Teerã
82%
2652 Bagdá
71%
1346 Catmandu
71%
2279 Doha
71%
2083 Abu Dhabi
65%
1404 Asgabate
53%
1816 Mascate
53%
1727 Thimbu
53%
1945 Astana
47%
1030 Bisqueque
47%
2013 Daca
47%
2625 Erevan
47%
2422 Kuweit
47%
2314 Manama
47%
2627 Tbilisi
47%
911 Tashkent
41%
2184 Baku
35%
660 Duchambé
35%
Nenhum quiz correspondente encontrado
Distribuição das Pontuações
Porcentagem de Pessoas com Cada Pontuação
Percentil de Números Respondidos
Sua Pontuação Histórica
Você não jogou esse quiz